[Event "32nd Pula Open 2018"]
[Site "Pula"]
[Date "2018.06.25"]
[Round "3"]
[White "Babic, Zvonko"]
[Black "Haria, Ravi"]
[Result "0-1"]
[WhiteElo "2208"]
[BlackElo "2440"]
[Annotator "TA"]
[PlyCount "59"]
[EventDate "2018.??.??"]
[EventCountry "CRO"]
[SourceTitle "playchess.com"]
[Source "ChessBase"]
[SourceQuality "1"]

{[%evp 14,59,21,-1,23,15,17,-17,-15,-20,-15,-15,0,-83,-7,0,0,0,0,0,0,0,189,128,136,151,154,22,31,-17,-21,-82,-74,-195,-216,-182,-77,-117,-113,-201,-209,-196,-111,-260,-258,-303,-144,-150]} 1. d4 e6 2. Nf3 Nf6 3. g3 d5 4. Bg2 b5 5. a4 b4 6. O-O Nbd7 7. c4 {D02: 1 d4 d5 2 Nf3 sidelines, including 2...Nf6 3 g3 and 2...Nf6 3 Bf4} (7. Ne5 Nxe5 8. dxe5 Nd7 9. e4 d4 10. f4 Ba6 11. Re1 h5 12. h4 Nc5 13. Kh2 Be7 14. Nd2 d3 {0-1 (42) Volodin,A (2462)-Meier,G (2647) chess.com INT 2018}) 7... bxc3 8. bxc3 {LiveBook: 12 Games} Be7 9. c4 {White has an edge.} c6 10. Bg5 $146 ({Predecessor:} 10. Nbd2 O-O 11. Qc2 Ba6 12. Rd1 Rc8 13. e4 Nxe4 14. Nxe4 dxe4 15. Ne5 f5 16. f3 Nxe5 17. dxe5 Qb6+ 18. Kh1 exf3 19. Bxf3 Rfd8 20. Bb2 Rb8 21. Rab1 {0-1 (21) Villavicencio Martinez,C (2141)-Del Rio de Angelis,S (2531) La Laguna 2009}) 10... O-O 11. Nbd2 Ba6 12. Re1 Rc8 13. a5 (13. Rc1 $11) 13... c5 ({Black should try} 13... dxc4 $17 {Hoping for ...c5.} 14. Qa4 c3) 14. cxd5 $11 exd5 15. Bh3 h6 16. Bxf6 Bxf6 17. e4 g6 $2 {[#]} ({Reject} 17... cxd4 18. e5 $16) (17... Bxd4 $11 {and Black stays safe.} 18. Nxd4 cxd4) 18. e5 (18. exd5 $18 {And now Ne5 would win.} cxd4 19. Ne4) 18... Bg7 $16 19. e6 fxe6 20. Bxe6+ ({White should play} 20. Rxe6 $16 Bd3 21. Rd6) 20... Kh7 $11 21. Bxd5 cxd4 22. h4 (22. Re6 $1 $11 {remains equal.}) 22... Nc5 $17 23. Be6 (23. Bc4 $17 {is a better defense.}) 23... Nxe6 $19 24. Rxe6 Bd3 (24... Bb7 $19 {has better winning chances. Strongly threatening ...Qd7.} 25. h5 Rc3) 25. h5 g5 26. Qa4 (26. Qe1 $17 {keeps fighting.}) 26... Bf5 27. Ra6 Rc7 28. Re1 {[#]} (28. Rc6 $17 {was the only defense.}) 28... Qd5 $1 29. Qb4 Bg4 (29... Qf7 $19 {and Black stays clearly on top.} 30. Qd6 Bd3) 30. Ne5 {Precision: White = 28%, Black = 54%.} 0-1

[Event "32nd Pula Open 2018"]
[Site "Pula"]
[Date "2018.06.25"]
[Round "3"]
[White "Voscilla, Adriano"]
[Black "Loncar, Robert"]
[Result "1/2-1/2"]
[WhiteElo "2202"]
[BlackElo "2423"]
[Annotator "TA"]
[PlyCount "106"]
[EventDate "2018.??.??"]
[EventCountry "CRO"]
[SourceTitle "playchess.com"]
[Source "ChessBase"]
[SourceQuality "1"]

{[%evp 14,106,14,-4,-3,-1,0,-25,-19,-29,0,0,-10,0,0,0,-11,-33,-26,-45,-2,-8,0,0,-2,-14,-5,-5,16,-18,31,28,19,-4,64,0,0,16,14,-31,-30,-74,-89,-87,-99,-96,-86,-82,-83,-83,-86,-158,-140,-226,-215,-286,-160,-470,-233,-416,-404,-403,-399,-387,-320,-320,0,0,0,-35,-35,-46,-44,-59,8,0,-8,-8,-8,-8,0,-27,-27,-27,-8,-8,-8,-8,-8,-8,-8,-8,-8,-8,-8]} 1. e4 c5 2. Nc3 e6 3. g3 Nc6 4. Nge2 Nf6 5. Bg2 Be7 6. O-O d6 {[%cal Bd7d6,Bd6d5][%mdl 32]} 7. d3 O-O 8. f4 {LiveBook: 8 Games} d5 {B24: Closed Sicilian: 3 g3 sidelines} (8... Rb8 9. h3 Nd7 10. g4 b5 11. Ng3 Nd4 12. g5 f6 13. gxf6 Bxf6 14. Nce2 g6 {½-½ (14) Grigoryan,K (2609)-Gordievsky,D (2511) Khanty-Mansiysk 2015}) 9. e5 Ne8 10. Kh1 f6 {Black has an edge.} 11. d4 $146 ({Predecessor:} 11. exf6 Nxf6 12. Ng1 e5 13. fxe5 Nxe5 14. Bg5 d4 15. Bxf6 Bxf6 16. Ne4 {0-1 (29) Bernacki,K (2013)-Sieklucki,A (1847) Bialystok 2011}) 11... cxd4 12. Nxd4 fxe5 13. Nxc6 bxc6 14. fxe5 Rxf1+ 15. Bxf1 (15. Qxf1 {is more complex.} g6 16. Nd1 Qb6 17. Nf2 Ba6 18. Qe1) 15... Qc7 16. Bf4 Rb8 17. b3 g6 18. Qe2 Ng7 19. g4 Bd7 20. Bg2 Qa5 21. Qd3 (21. Bd2 $5 {[%cal Rc3d5]} Bb4 22. Qe1 $11) 21... Qb4 {[#]} 22. Ne4 $1 {[%mdl 512] Black must now prevent c3.} Rf8 (22... dxe4 23. Qxd7) 23. Bd2 Qb8 (23... Qb5 $11 24. Nf6+ Bxf6 25. Qxb5 (25. exf6 Qxd3 26. cxd3 Rxf6 $11) 25... cxb5 26. exf6 Rxf6) 24. Nf6+ Bxf6 25. exf6 Rxf6 26. Bc3 e5 $36 {[%mdl 2048] Black has some pressure.} 27. Qg3 Rf4 28. Re1 e4 29. Bb2 Qf8 30. h3 g5 31. c4 Ne6 32. cxd5 ({White should try} 32. Be5) 32... cxd5 $17 {[%cal Bc6d5,Bd5d4][%mdl 32]} 33. Qc3 {[#]} (33. Rd1 $17 Qc5 34. Qc3 Qxc3 35. Bxc3) 33... d4 $1 $19 {[%cal Rd4c3]} 34. Qc4 e3 (34... Qd6 $19 35. Kg1 Qe5) 35. Bd5 $2 (35. Qd5 $17 {nothing else works.} Qf7 36. Qe5) 35... Qc8 (35... Qd6 $142 {( -> ...Rf2)} 36. Ba3 Qe5) 36. Rd1 $2 (36. Bxd4 Qxc4 37. Bxc4 Rxd4 38. Rxe3) 36... Qxc4 37. Bxc4 Kf8 38. Kg1 Ke8 39. Rf1 Re4 $2 ({Better is} 39... Ke7 $19 {Hoping for ...Kd6.} 40. Rxf4 gxf4 41. Bxe6 d3) 40. Bd5 $1 $11 {[%cal Rd5e4]} Rf4 41. Bxe6 Bxe6 42. Rxf4 gxf4 43. Bxd4 {[%mdl 4096] Endgame KB-KB} a5 ({Black should play} 43... Bc8 $1 $15) 44. Kf1 h5 45. gxh5 Bxh3+ 46. Ke1 Kf7 47. a3 Bg4 48. b4 axb4 49. axb4 {The position is equal.} Bxh5 {Threatens to win with ...Ke6.} 50. b5 Ke6 51. b6 Bf3 {[#] aiming for ...Kf5.} 52. b7 $1 {[%mdl 512]} Bxb7 {[#]} 53. Bxe3 $1 {[%mdl 512]} fxe3 {Precision: White = 50%, Black = 52%.} 1/2-1/2

[Event "32nd Pula Open 2018"]
[Site "Pula"]
[Date "2018.06.25"]
[Round "4"]
[White "Saric, Ante"]
[Black "Mcphillips, Joseph"]
[Result "0-1"]
[WhiteElo "2543"]
[BlackElo "2399"]
[Annotator "TA"]
[PlyCount "62"]
[EventDate "2018.??.??"]
[EventCountry "CRO"]
[SourceTitle "playchess.com"]
[Source "ChessBase"]
[SourceQuality "1"]

{[%evp 23,62,31,44,-116,-122,-137,-126,-138,-121,-118,-117,-114,-118,-140,-135,-145,-137,-143,-138,-147,-152,-150,-155,-120,-162,-311,-103,-651,-635,-912,-876,-1006,-1046,-29989,-1018,-907,0,-29989,-29990,-29993,-29994]} 1. c4 e6 2. g3 Nf6 3. Bg2 d5 4. Nf3 Be7 5. O-O O-O 6. b3 c5 7. Bb2 Nc6 8. cxd5 exd5 9. d4 Ne4 10. Nc3 Bf6 11. Na4 Re8 12. Rc1 b6 {LiveBook: 88 Games. D34: Tarrasch Defence: 6 g3 Nf6 7 Bg2 Be7} (12... cxd4 13. Nxd4 Bd7 14. Nc5 Nxd4 15. Bxd4 Bb5 16. Re1 b6 17. Nxe4 dxe4 18. Bxf6 Qxd1 19. Rexd1 gxf6 20. e3 Be2 21. Rd7 {½-½ (49) Sargissian,G (2702)-Harikrishna,P (2753) Huaian 2016}) 13. e3 $2 (13. dxc5 $14 {keeps the upper hand.} Bxb2 14. Nxb2) 13... Ba6 $17 14. Re1 {[%cal Rd4c5]} Nb4 $1 {Black is clearly better.} 15. Bf1 Bxf1 $1 16. Rxf1 Nxa2 17. Ra1 $146 ({Predecessor:} 17. Rb1 Nb4 18. dxc5 bxc5 19. Nd2 Bxb2 20. Rxb2 {0-1 (47) Furesz,J (2038)-Dupsky,L (2280) Hungary 2012}) 17... Nb4 18. Qe2 Nc6 19. dxc5 Bxb2 20. Qxb2 {[#]} b5 $1 {[%cal Rb5a4]} ({Don't take} 20... Nxc5 21. Nxc5 bxc5 22. Qc3 $15) 21. Nc3 Qf6 $36 {[%mdl 2048] White is under strong pressure.} 22. Nd4 Nxd4 23. exd4 Qxd4 24. Rfc1 (24. Rac1 $142) 24... Nd2 $2 ({Less strong is} 24... Nxc5 25. Rd1 $17) (24... Ng5 $19 {is more deadly. Strongly threatening ...b4.} 25. Qc2 b4) 25. Rc2 $2 {[%mdl 8192]} (25. Qc2 $17 a6 26. b4) 25... Nf3+ $19 26. Kh1 b4 27. Nb5 Qg4 {( -> ...Qh3)} 28. Kg2 Nh4+ (28... Qe4 $142 29. Rg1 Nd2+ 30. Kh3 Re6 31. Qxg7+ Kxg7 32. g4 Rh6+ 33. Kg3 Qf3#) 29. Kg1 Nf3+ (29... Re4 $19 30. Nc7 {[#]} Qf3 $1 {[%mdl 512]} 31. gxh4 Rg4+ 32. Kf1 Rc8) 30. Kg2 Qe4 31. Re2 Ne1+ {Precision: White = 31%, Black = 59%.} 0-1

[Event "32nd Pula Open 2018"]
[Site "Pula"]
[Date "2018.06.25"]
[Round "4"]
[White "Haria, Ravi"]
[Black "Pichler, Michael"]
[Result "1-0"]
[WhiteElo "2440"]
[BlackElo "2239"]
[Annotator "TA"]
[PlyCount "55"]
[EventDate "2018.??.??"]
[EventCountry "CRO"]
[SourceTitle "playchess.com"]
[Source "ChessBase"]
[SourceQuality "1"]

{[%evp 14,55,23,6,20,27,31,37,33,28,27,16,24,20,43,33,27,33,35,8,45,22,29,13,31,33,46,41,37,33,122,129,425,445,421,407,528,524,509,505,616,622,600,579]} 1. e4 e6 2. d4 d5 3. Bd3 c5 4. exd5 exd5 5. Nf3 c4 (5... Nf6 6. O-O c4 7. Re1+ Be7 8. Be2 O-O 9. b3 cxb3 10. axb3 Nc6 11. c3 Re8 12. Nbd2 Bd6 13. Bd3 Bg4 14. Rxe8+ Qxe8 {0-1 (52) Fontaine,R (2563)-Carlsen,M (2834) chess.com INT 2018}) 6. Be2 {C01: French: Exchange Variation} Nf6 7. b3 cxb3 8. axb3 {LiveBook: 7 Games. White has an edge.} Bb4+ $146 ({Predecessor:} 8... Nc6 9. O-O Be7 10. c4 O-O 11. Nc3 Bb4 12. Nb5 a6 13. Bb2 {0-1 (34) Golubov,S (2512)-Saravana,K (2378) Abu Dhabi 2017}) 9. c3 Be7 10. O-O O-O 11. Bd3 Bg4 12. Nbd2 {[%cal Bb1d2,Bd2f1,Bf1g3][%mdl 32]} Nc6 13. Re1 Bh5 14. Nf1 Re8 15. Ng3 Bg6 $1 16. Ne5 Bd6 {[%cal Rc6e5]} 17. f4 $36 {[%mdl 2048] White fights for an advantage.} Bxd3 18. Qxd3 Qc7 19. Bd2 Rad8 20. Re2 Re6 21. Rae1 Ree8 {[#]} (21... a6 $14) 22. Ng4 $1 $16 {[%cal Rg4f6][%mdl 512] Strongly threatening Nxf6+.} Rxe2 $4 {[%mdl 8192]} (22... Ne4 $16) (22... Nxg4 23. Rxe8+) 23. Nxf6+ $18 ({Weaker is} 23. Qxe2 Nxg4 24. Qxg4 g6 $11) 23... gxf6 24. Rxe2 {Threatens to win with Nh5.} ({Less strong is} 24. Nxe2 Qc8 $16) 24... Kh8 ({But not} 24... Bxf4 25. Nh5 $18) 25. Nh5 {White is clearly winning.} Be7 26. Be1 Rg8 27. Bh4 Rg6 28. f5 {Precision: White = 78%, Black = 34%.} 1-0

[Event "32nd Pula Open 2018"]
[Site "Pula"]
[Date "2018.06.25"]
[Round "4"]
[White "Horton, Andrew P"]
[Black "Zelcic, Robert"]
[Result "1-0"]
[WhiteElo "2407"]
[BlackElo "2499"]
[Annotator "TA"]
[PlyCount "90"]
[EventDate "2018.??.??"]
[EventCountry "CRO"]
[SourceTitle "playchess.com"]
[Source "ChessBase"]
[SourceQuality "1"]

{[%evp 29,90,60,56,49,53,29,50,50,59,59,52,54,80,81,88,73,79,83,75,61,135,140,168,93,96,69,157,15,75,19,246,238,228,233,241,215,430,271,266,272,270,40,294,289,369,362,471,472,445,368,627,618,562,493,498,500,478,478,527,464,736,695,12829]} 1. Nf3 Nf6 2. c4 e6 3. g3 d5 4. Bg2 Be7 5. O-O O-O 6. b3 d4 7. e3 c5 8. Bb2 Nc6 9. exd4 cxd4 10. Re1 Re8 11. d3 Bb4 {A14: English Opening: 1...e6 with b3 by White} (11... Bc5 12. Ba3 Nd7 13. Nfd2 Nb4 14. Ne4 a5 15. f4 Be7 16. Bb2 Nc6 17. a3 b6 18. Nd6 Bxd6 19. Bxc6 {½-½ (54) Robson,R (2668)-So,W (2822) Saint Louis 2017}) 12. Nbd2 e5 13. a3 Bc3 14. Qc2 Bxb2 15. Qxb2 Bf5 {LiveBook: 3 Games} 16. Qc2 a5 $146 ({Predecessor:} 16... h6 17. b4 {½-½ (17) De Souza,O-Magalhaes,H Brazil CXEB 1995}) 17. Ng5 Qd7 18. Rab1 h6 19. Nge4 Nxe4 20. Nxe4 Bxe4 21. Bxe4 f5 22. Bd5+ Kh8 23. b4 axb4 24. axb4 e4 (24... b5 $14) 25. dxe4 $16 fxe4 26. Bxe4 (26. Rxe4 $18 {Hoping for b5.} Rxe4 27. Bxe4 (27. Qxe4 Re8 $16)) 26... Ne5 27. Bd5 d3 (27... Rad8 $14) 28. Qd1 ({Better is} 28. Qc3 $16 Qd6 29. f4 (29. Bxb7 Ra2 $14)) 28... Qf5 (28... Qh3 $11 29. Qd2 (29. Bxb7 Ng4 $15) 29... Rad8) 29. Qd2 ({Don't play} 29. Bxb7 Ra2 $15) (29. Re4 $16) 29... Qd7 $2 (29... Red8 $11 {and Black stays safe.} 30. f4 Rxd5 31. fxe5 Rxe5) 30. Re3 $18 Re7 31. Rbe1 Rae8 {[#] intending ...b5.} 32. b5 $1 Qg4 $2 (32... Qd6 33. Kg2 Rc8) 33. Qc3 Qf5 {White should prevent ...Ng4.} 34. Qd4 Qf6 {Black wants to play ...Nf3+.} 35. Kg2 $2 (35. Qf4 $18) 35... b6 $2 {[%mdl 8192] [#]} ({Black should try} 35... Nf3 $1 $14 36. Qxf6 Nxe1+ 37. Rxe1 gxf6) 36. Qf4 d2 37. Rd1 Qxf4 38. gxf4 Ng6 39. Kf3 Nh4+ $2 (39... Rf8 40. Rxe7 (40. Rxd2 Nxf4 41. Kg3 Rd7 $16) 40... Nxe7 41. Rxd2 g5) 40. Kg4 {White is clearly winning.} Ng6 41. Rxe7 Nxe7 42. Rxd2 Rd8 43. Kf3 g6 44. Rd3 Rc8 (44... Kg7 $142 45. Be4 Rxd3+ 46. Bxd3 Kf6) 45. Be6 Nf5 {Precision: White = 53%, Black = 25%.} 1-0

[Event "32nd Pula Open 2018"]
[Site "Pula"]
[Date "2018.06.26"]
[Round "5"]
[White "Tratar, Marko"]
[Black "Jelen, Igor"]
[Result "1-0"]
[WhiteElo "2449"]
[BlackElo "2360"]
[Annotator "TA"]
[PlyCount "127"]
[EventDate "2018.??.??"]
[EventCountry "CRO"]
[SourceTitle "playchess.com"]
[Source "ChessBase"]
[SourceQuality "1"]

{[%evp 14,127,20,10,12,21,14,17,14,5,9,12,20,20,15,18,24,12,14,14,45,50,104,51,47,40,45,47,39,45,82,46,49,61,63,63,128,125,119,128,133,132,137,95,140,0,155,125,102,60,60,58,62,67,106,106,177,113,318,296,283,322,315,309,315,296,298,300,311,312,312,310,286,281,329,321,334,325,500,390,552,30,206,181,264,189,824,785,790,772,586,435,658,578,539,264,264,264,257,231,194,208,304,272,707,697,29974,29977,29976,29977,29975,29978,29975,29975,29980,29981]} 1. Nf3 Nf6 2. c4 g6 3. b3 Bg7 4. Bb2 O-O 5. g3 b6 6. Bg2 Bb7 7. O-O c5 8. d4 {LiveBook: 214 Games} d5 {A30: Symmetrical English: Double Fianchetto and Hedgehog} (8... cxd4 9. Qxd4 d6 10. Nc3 Nbd7 11. Rac1 Rc8 12. Rfd1 Rc5 13. Ne1 Bxg2 14. Nxg2 Re8 15. Nd5 b5 16. Nge3 bxc4 17. Rxc4 Qb8 18. Rxc5 Nxc5 19. Nxf6+ Bxf6 20. Qd2 Bxb2 21. Qxb2 {1-0 (48) Bu,X (2725)-Dubov,D (2696) Liaocheng 2018}) 9. dxc5 dxc4 10. Qxd8 Rxd8 {The position is equal.} 11. cxb6 axb6 12. bxc4 Na6 $146 ({Predecessor:} 12... Nbd7 13. Nbd2 Ne4 14. Bxg7 Nxd2 15. Nxd2 Bxg2 16. Kxg2 Kxg7 17. Rfc1 Ra3 18. Rc2 Rda8 19. Nb3 Ne5 20. Rac1 Rxa2 21. c5 bxc5 {½-½ (21) Horvath,J (2536)-Suarez Real,A (2436) Trieste 2017}) 13. Rc1 Nc5 14. Nbd2 Bh6 15. Bxf6 exf6 16. e3 Rd3 {[#]} 17. Nb3 $1 {[%mdl 512]} Rd7 (17... Ra4 $14) (17... Nxb3 18. axb3) 18. Nfd4 (18. Nxc5 $1 $16 bxc5 19. a4) 18... Bxg2 $14 19. Kxg2 f5 20. Rc2 Bg7 {aiming for ...Nxb3.} 21. Rb1 Ne4 22. Ne2 Rda7 23. Nbc1 Ra6 24. Nf4 Rd8 (24... Bf6 $14) 25. Nd5 $16 Rd6 26. Ne2 h5 27. Nd4 Kh7 28. Rcb2 Nc5 29. Rc2 ({Better is} 29. Rd2 $16) 29... Ne6 $2 (29... Ne4 $1 $11) 30. Nxe6 fxe6 31. Nb4 Ra4 32. h4 Kg8 33. Rb3 Bf8 34. Nd3 $36 {[%mdl 2048] White is in control.} Bg7 (34... Ra5 $16 35. c5 bxc5) 35. Nf4 (35. c5 $18 bxc5 36. Rxc5 (36. Nxc5 Ra8 $16)) 35... Kf7 $2 (35... Kh7 $16) 36. c5 $18 bxc5 37. Rb7+ ({Not} 37. Rxc5 Ra7 $16) 37... Kf6 38. Rxc5 Bh6 39. Rcc7 {Black must now prevent Rh7.} Bxf4 40. exf4 {[%csl Gb7][%cal Rc7f7][%mdl 4096] Endgame KRR-KRR} e5 41. Rf7+ Ke6 42. Rfe7+ Kd5 43. fxe5 Rc6 44. Rbd7+ Ke4 45. Rd2 f4 (45... Rca6 $142 46. a3 Ra7 47. Rxa7 Rxa7 48. Re2+ Kd5) 46. gxf4 Kxf4 (46... Rca6 $142 47. Re2+ Kf5 48. Rf7+ Ke6) 47. Rd6 $2 (47. Re2 $18) 47... Rc2 $2 (47... Rxd6 $1 $11 {and Black stays safe.} 48. exd6 Rxa2) 48. Rxg6 {Threatens to win with Rg5.} Rcxa2 (48... Raxa2 {was called for.} 49. Rf6+ Ke4) 49. Rg5 {e6 is the strong threat.} Re2 $2 (49... Ra7 50. Re6 Rf7 51. Rf6+ Rxf6 52. exf6 Ra7) 50. Rf7+ Ke4 51. e6 Kd3 52. e7 Rxh4 (52... Rae4 $142 53. Rd5+ Kc3) 53. Rg3+ Kd2 54. Rg8 (54. Ra3 $142 {White threatens Ra2+ and mate.} Re6 55. Ra2+ Kc3 56. f4) 54... Rhe4 {[#]} 55. Rgg7 $1 Ke1 56. Kg3 h4+ 57. Kg2 Kd2 (57... R4e3 $142 58. Rh7 Re4) 58. Kh3 Ke1 $2 (58... Re1 59. Rh7 Rh1+ 60. Kg2 Rhe1) 59. f3 R4e3 60. Rg1+ {White mates.} Kd2 {[#]} 61. Rg2 $1 {[%cal Rg2e2]} Rxg2 62. Kxg2 Kd3 63. Kh3 Kd4 64. Rf4+ {Precision: White = 63%, Black = 35%.} 1-0

[Event "32nd Pula Open 2018"]
[Site "Pula"]
[Date "2018.06.26"]
[Round "5"]
[White "McPhillips, Joseph"]
[Black "Haria, Ravi"]
[Result "1/2-1/2"]
[WhiteElo "2399"]
[BlackElo "2440"]
[Annotator "TA"]
[PlyCount "55"]
[EventDate "2018.??.??"]
[EventCountry "CRO"]
[SourceTitle "playchess.com"]
[Source "ChessBase"]
[SourceQuality "1"]

{[%evp 18,55,0,0,0,0,0,0,0,0,0,0,0,0,0,0,0,0,0,0,0,0,0,0,0,0,0,0,0,0,0,0,0,0,0,0,0,0,0,0]} 1. Nf3 e6 2. e4 d5 {[%cal Bd7d5,Bd5d4][%mdl 32]} 3. e5 c5 4. b4 d4 5. bxc5 Bxc5 6. Ba3 {C00: Französische Verteidigung (Seltene Züge)} (6. Bd3 Nc6 7. Ba3 Qa5 8. Bxc5 Qxc5 9. O-O Nxe5 10. Nxe5 Qxe5 11. Na3 Nf6 12. Nc4 Qc7 13. Re1 Bd7 {0-1 (39) Maier,C (2388)-Rambaldi,F (2555) Porto Mannu 2017}) 6... Qa5 7. Bxc5 Qxc5 8. c3 Nc6 9. cxd4 Nxd4 10. Qa4+ {LiveBook: 7 Partien. Die Stellung ist ausgeglichen.} Bd7 $1 {[%cal Rd7a4]} 11. Qxd4 Qc1+ 12. Ke2 {[#] zielt auf a4 ab.} Bb5+ $1 13. d3 Rd8 $1 {[%cal Rd8d4]} 14. Nbd2 $146 Qa3 $1 15. Qf4 $1 ({Nur nicht} 15. Nc4 $2 Bxc4 16. Qxc4 Qb2+ 17. Ke3 Qxa1 $19) 15... Qb2 16. Rd1 $1 Bxd3+ 17. Ke1 Bc2 $1 {Und ...Se7 würde nun gewinnen.} 18. Be2 {[#] Droht stark Sc4.} (18. Ng5 $2 Nh6 $19) 18... Bxd1 19. Bxd1 Ne7 20. Qa4+ Nc6 21. Qb3 Qc1 22. Qxb7 Nd4 23. Nxd4 Rxd4 24. Qb8+ Ke7 25. Qb7+ Ke8 ({Jedoch nicht} 25... Rd7 $2 26. Qb4+ Kd8 27. Ke2 $18) 26. Qb5+ Ke7 27. Qb7+ Ke8 ({Aber nicht} 27... Rd7 $2 28. Qb4+ Kd8 29. Ke2 $18) 28. Qb8+ {Precision: Weiß = 100%, Schwarz = 100%.} 1/2-1/2

[Event "32nd Pula Open 2018"]
[Site "Pula"]
[Date "2018.06.26"]
[Round "5"]
[White "Guid, Matej"]
[Black "Gumularz, Szymon"]
[Result "0-1"]
[WhiteElo "2358"]
[BlackElo "2452"]
[Annotator "TA"]
[PlyCount "61"]
[EventDate "2018.??.??"]
[EventCountry "CRO"]
[SourceTitle "playchess.com"]
[Source "ChessBase"]
[SourceQuality "1"]

{[%evp 17,61,-8,0,-36,-37,-47,-24,-29,-27,-44,-44,-56,-56,-63,-72,-60,-30,-89,-74,-82,-54,-44,-57,-50,-58,-100,-77,-113,-75,-139,-135,-147,-131,-118,-119,-155,-163,-145,-148,-183,-148,-234,-229,-210,-211,-211]} 1. c4 e6 2. g3 d5 3. Bg2 Nf6 4. Nf3 dxc4 5. Na3 Bxa3 6. bxa3 Nbd7 {A13: English Opening: 1...e6} (6... b5 7. Ne5 Nd5 8. d3 Qf6 9. Bf4 cxd3 10. Nxd3 Nxf4 11. gxf4 c6 12. O-O O-O 13. Qc1 a5 14. Qe3 {0-1 (33) Anton Guijarro,D (2666)-Halkias,S (2571) Riadh 2017}) 7. Qa4 c5 8. Qxc4 O-O 9. O-O b6 {LiveBook: 5 Games} 10. d4 Bb7 11. Rd1 $146 ({Predecessor:} 11. dxc5 Nxc5 12. Bb2 Rc8 13. Rfd1 {½-½ (49) Anwesh,U (2387)-Rozycki,B (2140) Lvov 2016}) 11... Qe7 12. a4 Bd5 13. Qc3 cxd4 14. Nxd4 Rfc8 15. Qe3 Bxg2 16. Kxg2 Nc5 17. Qa3 (17. a5 $11) 17... Qb7+ 18. Kg1 Qa6 $36 {[%mdl 2048] Black has some pressure.} 19. a5 bxa5 20. Bd2 a4 21. Bb4 Ncd7 {[%cal Bc5d7,Bd7e5,Be5f3][%mdl 32]} 22. Qf3 Nd5 23. Nf5 (23. a3 $142) 23... Ne5 ({But not} 23... Nxb4 $2 24. Ne7+ Kh8 25. Nxc8 $18 (25. Rxd7 Rf8 $16)) 24. Qe4 exf5 25. Qxd5 Qxe2 26. Bc3 Nf3+ {Black is clearly better.} 27. Kg2 Qe4 28. Rac1 h6 29. Bb2 (29. Qxe4 $17 {might work better.} fxe4 30. h4) 29... Rxc1 $19 30. Bxc1 Rc8 {[#] White must now prevent ...Nh4+.} 31. Qxe4 {Precision: White = 30%, Black = 73%.} 0-1

[Event "32nd Pula Open 2018"]
[Site "Pula"]
[Date "2018.06.26"]
[Round "5"]
[White "Ostovic, Matija"]
[Black "Horton, Andrew P"]
[Result "1/2-1/2"]
[WhiteElo "2352"]
[BlackElo "2407"]
[Annotator "ChessBase"]
[PlyCount "47"]
[EventDate "2018.??.??"]
[EventCountry "CRO"]
[SourceTitle "playchess.com"]
[Source "ChessBase"]
[SourceQuality "1"]
[TimeControl "5400+30"]

1. d4 Nf6 2. c4 e6 3. Nf3 Bb4+ 4. Nbd2 b6 5. a3 Bxd2+ 6. Qxd2 Bb7 7. e3 O-O 8. Be2 a5 9. b3 d6 10. O-O Nbd7 11. Bb2 Qe7 12. b4 Ne4 13. Qc2 f5 14. d5 e5 15. Nd2 Nxd2 16. Qxd2 Rfe8 17. Qc2 Qf7 18. f4 exf4 19. Rxf4 axb4 20. axb4 Rxa1+ 21. Bxa1 Rxe3 22. Bd4 Re4 23. Rxe4 fxe4 24. Qxe4 1/2-1/2

[Event "32nd Pula Open 2018"]
[Site "Pula"]
[Date "2018.06.26"]
[Round "5"]
[White "Krsnik Cohar, Ivan Vihor"]
[Black "Loncar, Robert"]
[Result "1/2-1/2"]
[WhiteElo "2309"]
[BlackElo "2423"]
[Annotator "RC"]
[PlyCount "63"]
[EventDate "2018.??.??"]
[EventCountry "CRO"]
[SourceTitle "playchess.com"]
[Source "ChessBase"]
[SourceQuality "1"]
[TimeControl "5400+30"]

1. c4 e6 2. g3 d5 3. Bg2 Nf6 4. d4 Bb4+ 5. Nc3 O-O 6. a3 Be7 7. Nf3 a6 8. O-O dxc4 9. Ne5 c5 10. dxc5 Qc7 11. Nxc4 Bxc5 12. Be3 Bxe3 13. Nxe3 Bd7 14. Rc1 Bc6 15. Ne4 Nxe4 16. Bxe4 Qe5 17. Bxc6 Nxc6 18. Nc4 Qb5 19. e3 Rad8 20. Qc2 Qh5 21. Qe4 Rd5 22. Rc2 Rfd8 23. Kg2 h6 24. Rfc1 Rd3 25. Rc3 Rxc3 26. Rxc3 Qe2 27. Qc2 Qg4 28. h3 Qh5 29. Rd3 Rxd3 30. Qxd3 Qb5 31. Qc3 Qc5 32. Qd3 1/2-1/2

[Event "32nd Pula Open 2018"]
[Site "Pula"]
[Date "2018.06.27"]
[Round "6"]
[White "Horton, Andrew P"]
[Black "Tratar, Marko"]
[Result "1/2-1/2"]
[WhiteElo "2407"]
[BlackElo "2449"]
[Annotator "TA RC"]
[PlyCount "57"]
[EventDate "2018.??.??"]
[EventCountry "CRO"]
[SourceTitle "playchess.com"]
[Source "ChessBase"]
[SourceQuality "1"]

{[%evp 13,57,-4,26,0,12,-9,6,2,23,29,31,22,30,6,45,49,37,50,60,48,47,62,125,92,77,18,7,10,18,14,0,0,10,0,0,5,79,0,10,-14,-14,-21,-6,-20,0,-18]} 1. Nf3 g6 2. c4 Bg7 3. g3 e5 4. Nc3 Ne7 5. Bg2 d6 6. O-O O-O 7. d3 h6 {LiveBook: 24 Games. A21: English Opening: 1...e5 2 Nc3} 8. Ne1 (8. Rb1 f5 9. Bd2 Nd7 10. b4 Nf6 11. Qb3 Be6 12. Rfc1 Qd7 13. Ne1 c6 14. b5 c5 15. b6 a6 16. Qa4 Qc8 17. f4 exf4 18. gxf4 Kh8 {0-1 (35) Maletin,P (2575)-Kurnosov,I (2633) Khanty-Mansiysk 2011}) 8... c6 9. e4 $146 ({Predecessor:} 9. Rb1 Be6 10. Nc2 d5 11. cxd5 cxd5 12. d4 e4 13. e3 Nd7 14. Bd2 Nf6 15. Ne2 {0-1 (45) Srebrnic,V (2184)-Tratar,M (2479) Nova Gorica 2014}) 9... Be6 10. Nc2 a6 11. b3 b5 12. Ba3 Ra7 13. Rc1 $36 {[%mdl 2048] White has good play.} Qd7 14. Qd2 c5 15. Nd5 b4 16. Bb2 Nbc6 17. f4 f5 (17... a5 $14) 18. Rce1 fxe4 19. Nxe7+ (19. Bxe4 $16 {fxe5 is the strong threat.} Bf5 20. fxe5 dxe5 21. Nxe7+ Nxe7 22. Qe3) 19... Nxe7 $11 20. Bxe4 Bh3 21. Rf2 {Black must now prevent fxe5.} exf4 22. Bxg7 Kxg7 23. Rxf4 Rxf4 24. Qxf4 {Black should prevent d4.} Nc6 (24... Ng8 $11 {remains equal.}) 25. Re2 ({Better is} 25. d4 $16) 25... Ne5 {The position is equal.} 26. Rf2 Qd8 27. Qd2 Rf7 28. Ne3 Qf8 29. Nd5 {Precision: White = 30%, Black = 30%.} 1/2-1/2